| 000 | 01101nam a22003017a 4500 | ||
|---|---|---|---|
| 005 | 20260415104717.0 | ||
| 008 | 260415b2026 ag ||||| |||| 00| 0 spa d | ||
| 020 |
_aTI Sentencia 18/26 fecha 14/4/26 _bSEN |
||
| 110 |
_aTribunal de Impugnación _91 |
||
| 245 |
_a"SÁNCHEZ, BERNARDINO S/ ABUSO SEXUAL" / _cTribunal de Impugnación |
||
| 300 |
_a37 p. _bpdf |
||
| 518 | _a14/4/26 | ||
| 653 | _aABUSO SEXUAL SIMPLE | ||
| 653 | _aART. 119 PRIMER PÁRRAFO CP | ||
| 653 | _aRELATO ÚNICO DE LA VÍCTIMA | ||
| 653 | _aCOHERENCIA INTERNA Y EXTERNA DEL RELATO | ||
| 653 | _aCÁMARA GESELL | ||
| 653 | _aCORROBORACIÓN PERIFÉRICA | ||
| 653 | _aARBITRARIA VALORACIÓN DE LA PRUEBA | ||
| 653 | _aPRINCIPIO DE INOCENCIA | ||
| 653 | _aEXIMICIÓN EN COSTAS | ||
| 700 | 1 |
_aPatricia Romina, Lupica Cristo _914 |
|
| 700 | 1 |
_aSauli, Estefania _970 |
|
| 700 | 1 |
_aSommer, Federico Augusto _948 _e(DISIDENCIA EN COSTAS) |
|
| 774 | _aLEG 212604/21 | ||
| 856 |
_uhttp://jurispenal.jusneuquen.gov.ar/cgi-bin/koha/opac-retrieve-file.pl?id=2d6d77a0ae8fa31da21e370da658ad05 _ytexto completo |
||
| 942 |
_2ddc _cSEN |
||
| 999 |
_c1270 _d1270 |
||